| 000 | 00510nam a2200241Ia 4500 | ||
|---|---|---|---|
| 001 | 073537 | ||
| 003 | YMCAF | ||
| 005 | 20230512160842.0 | ||
| 008 | 100717s1998 ||||||||||||||||| ||und|d | ||
| 020 | _a- | ||
| 024 | _a73537 | ||
| 035 | _a13000 | ||
| 040 |
_aYMCAF _beng _cIN-KoLT |
||
| 041 | _aeng | ||
| 082 |
_a621.314 _bBHA |
||
| 100 | _aBHEL(Bharat heavy electrical) | ||
| 245 | 0 | _aTransformers | |
| 250 | _a- | ||
| 260 |
_bKHANNA _c1998 |
||
| 300 | _a0 | ||
| 653 | _aElectrical | ||
| 942 |
_2ddc _cBK |
||
| 999 |
_c6814 _d6814 |
||